Construction output - fourth quarter 2002 (Record no. 72274)
[ view plain ]
| 000 -LEADER | |
|---|---|
| fixed length control field | 01231cam a2200217 4500 |
| 001 - CONTROL NUMBER | |
| control field | WB 3910-05 |
| 008 - FIXED-LENGTH DATA ELEMENTS--GENERAL INFORMATION | |
| fixed length control field | 030310n2003 000 0 eng u |
| 035 ## - SYSTEM CONTROL NUMBER | |
| System control number | (Sirsi) u121583 |
| 245 ## - TITLE STATEMENT | |
| Title | Construction output - fourth quarter 2002 |
| 260 ## - PUBLICATION, DISTRIBUTION, ETC. | |
| Date of publication, distribution, etc. | 2003 |
| 490 ## - SERIES STATEMENT | |
| Series statement | DTI Press Release |
| Volume/sequential designation | (OEC-Q402) 7 March 2003, (2) |
| 520 ## - SUMMARY, ETC. | |
| Summary, etc. | Fourth quarter 2002 figures released by the DTI show total construction volume rising in 2002 by 8%. New construction work was 11% higher than the previous year despite a decrease in the private industrial sector. Repair and maintenance also rose over the same period with increases in the private sector easily offsetting a fall in the public housing sector. Fourth quarter 2002 output rose by 2% in volume and 3% in current prices over the third quarter 2002. Total construction employment including the self-employed in October 2002 was 3% up on the previous year. http://www.dti.gov.uk/construction/stats/070303/pressrel070303.htm |
| 590 ## - LOCAL NOTE (RLIN) | |
| Local note | WB |
| 650 ## - SUBJECT ADDED ENTRY--TOPICAL TERM | |
| Topical term or geographic name entry element | CONSTRUCTION OUTPUT |
| 650 ## - SUBJECT ADDED ENTRY--TOPICAL TERM | |
| Topical term or geographic name entry element | CONSTRUCTION EMPLOYMENT |
| 650 ## - SUBJECT ADDED ENTRY--TOPICAL TERM | |
| Topical term or geographic name entry element | NEW CONSTRUCTION |
| 650 ## - SUBJECT ADDED ENTRY--TOPICAL TERM | |
| Topical term or geographic name entry element | PRIVATE INDUSTRIAL |
| 650 ## - SUBJECT ADDED ENTRY--TOPICAL TERM | |
| Topical term or geographic name entry element | REPAIR AND MAINTENANCE |
| 690 ## - LOCAL SUBJECT ADDED ENTRY--TOPICAL TERM (OCLC, RLIN) | |
| Topical term or geographic name as entry element | BUILT ENVIRONMENT-CONSTRUCTION MARKET |
| 942 ## - ADDED ENTRY ELEMENTS (KOHA) | |
| Suppress in OPAC | 0 |
| Withdrawn status | Lost status | Source of classification or shelving scheme | Damaged status | Not for loan | Home library | Current library | Shelving location | Date acquired | Total Checkouts | Full call number | Barcode | Date last seen | Copy number | Price effective from | Koha item type |
|---|---|---|---|---|---|---|---|---|---|---|---|---|---|---|---|
| Dewey Decimal Classification | London | London | News article | 10/03/2003 | WB 3910-05 | 121583-1001 | 06/08/2019 | 1 | 06/08/2019 | News article |